Online Catalogue and eLibrary

obe ehiliya heya keniya (Record no. 6032)

MARC details
000 -LEADER
fixed length control field 00423nam a22001817a 4500
005 - DATE AND TIME OF LATEST TRANSACTION
control field 20250430070820.0
008 - FIXED-LENGTH DATA ELEMENTS--GENERAL INFORMATION
fixed length control field 250430b |||||||| |||| 00| 0 eng d
020 ## - INTERNATIONAL STANDARD BOOK NUMBER
ISBN 9559553712
082 ## - DDC Classification
DDC Edition Number 22
Class No. 891
100 ## - MAIN ENTRY--PERSONAL NAME
Personal name Pathirana, Ruwan Monica
245 ## - TITLE STATEMENT
Title obe ehiliya heya keniya
250 ## - EDITION STATEMENT
Edition statement 2nd
260 ## - PUBLICATION, DISTRIBUTION, ETC.
Place of publication, distribution, etc. Nugegoda
Name of publisher, distributor, etc. Deepani Publishers
Date of publication, distribution, etc. 1995
300 ## - PHYSICAL DESCRIPTION
Extent (e.g. Volumes, Pages etc.) 62 p .,
650 ## - SUBJECT ADDED ENTRY--TOPICAL TERM
Topical term or geographic name entry element Poems
650 ## - SUBJECT ADDED ENTRY--TOPICAL TERM
Topical term or geographic name entry element Women
942 ## - Koha item type (Biblio)
Koha item type Books in Stacks (Lending)

No items available.

© WERC Library